Statistics for History Quiz: Historical Regions

Click here to take the quiz!

General Stats

  • This quiz has been taken 30 times
  • The average score is 6 of 15

Answer Stats

QuestionAnswer% Correct
Did the Aztec Empire have any exclaves?Yes
78%
Which region of Anatolia was controlled by Celts?Galatia
74%
Which region was Narmer the king of before becoming the first pharaoh?Upper Egypt
74%
Which of these cities is not located along the Swahili coast?Maputo
56%
In which historical province of Sweden is Malmö located?Skåne
56%
Which of these is currently an administrative region of France?Normandy
48%
Which of these regions was Vlad the Impaler the ruler of?Wallachia
44%
Which of these places was once the capital of Bactria?Balkh
41%
Which country was formed from the region referred to as the Pepper Coast?Liberia
33%
Which of these Mexican states does not contain part of Huasteca?Oaxaca
30%
How many provinces were there in New Zealand in 1873?9
26%
Which of these archaeological sites is located in Punjab?Harappa
26%
How many regions, or suyu, was the Inca Empire split into?4
22%
During which century was Al-Andalus at its largest?8th
22%
Which of these Provinces of Japan was not located on Honshu?Sado
7%

Score Distribution

Percentile by Number Answered

Percent of People with Each Score

Your Score History

You have not taken this quiz